000 00795nam a2200205 a 4500
003 0
005 20250527111535.0
008 021127s19uu xx 00 eng d
050 _aPGS TD 388
_b.M314 2001
100 _aMarcelo, Sean.
245 _aA comparative study on the chemical analyses and organoleptic profile of selected purified, alkaline and mineral bottled water.
_cSean Marcelo.
260 _aLas PiƱas City, Philippines :
_bSouthville International School and Colleges,
_c2001.
300 _a88 pages :
_billustrations ;
_c28 cm.
504 _aIncludes bibliographical references.
650 _aBottled water
_vAnalysis.
650 _aDrinking water
_vComposition.
650 _aTaste tests (Sensory evaluation).
650 _aWater quality
_vTesting.
942 _2lcc
_cPASS
999 _c96548
_d96548